| 000 | 00654nam a22002177a 4500 | ||
|---|---|---|---|
| 005 | 20251108165155.0 | ||
| 008 | 250721s1997 xx 000 0 ara d | ||
| 082 | 1 | 4 | _a956.4/مدخ |
| 100 | 1 | _aالبحيري، صلاح الدين | |
| 245 | 1 | 0 | _aالمدخل إلى القضية الفلسطينية / |
| 264 | 1 |
_aعمان : _bمركز دراسات الشرق الأوسط، _c1997. |
|
| 300 | _a645ص | ||
| 490 | 0 | _aدراسات ؛21 | |
| 650 | 1 | 7 | _aتاريخ فلسطين |
| 650 | 1 | 7 | _aالسلام |
| 650 | 1 | 7 | _aالعرب |
| 650 | 1 | 7 | _aإسرائيل |
| 700 | 1 |
_aالحمد، جواد _eتحرير |
|
| 942 |
_2ddc _cBK |
||
| 999 |
_c21282 _d21282 |
||